000 00713cam a2200289 a 4500
005 20260322212031.0
008 data
010 _a85-31710
020 _a0898626641
020 _a9780898626643
040 _aDNLM
_cDNLM
041 0 9 _aeng
044 _9United States
060 0 0 _aHV 6546
_bP524s 1986
100 1 _aPfeffer, Cynthia R.
245 1 4 _aThe suicidal child /
_cCynthia R. Pfeffer.
260 _aNew York :
_bGuilford Press,
_cc1986.
300 _axvii, 318 p. :
_bill.
500 _aIncludes indexes.
504 _aBibliography: p. 291-302.
590 _aBibliogrqphy: p. 291-302.
590 _aIncludes indexes.
650 2 _aSuicide
650 2 2 _aChild
650 2 2 _aInfant
001 data
999 _c721
_d721